02132nam a22003377a 4500999001700000003000900017008004100026040007100067082002700138110007300165245007200238260005100310300004600361440006600407505083300473650002701306650002901333650002001362650002901382650003301411650003301444700002601477700002701503700002401530700002901554700004601583710004101629942001201670945000801682952010401690 c22041d22041AR-CdUCM190515b ||||| |||| 00| 0 spa d aMUNICIPALIDAD PROVINCIAL DEL CUSCOcBIBLIOTECA MUNICIPAL DEL CUSCO aCroniUrbana/N°13/2008 aCentro de Educación y Comunicación Guamán Poma de Ayala947233 aCrónicas Urbanas :banálisis y perspectivas urbano regionales / aCusco :bCentro Guamán Poma de Ayala,c2008. a135 páginas. :bilustraciones ;c30 cm. aRevista Crónicas Urbanas.nAñño XII, N°13, 2008947237 aContenido: Los incas del Cusco y el espacio sagrado de la ciudad colonial. Gabriela Ramos. -- El siglo XVI en novelas y cuentos históricos peruanos contemporáneos. Concepción Reverte Bernal. -- Análisis de textos literarios sobre la violencia política del Perú 1980-2000. Carmen Saucedo. -- Testimonios de la comunidad de Huakullo violencia política de los años noventa. -- Desplazados por la violencia política en el Perú. 1980-2000. -- Decisiones radicales jóvenes urbanos y militancia en Sendero Luminoso 1989-1992. Dynnik Asencios. -- Mancomunidades en Bolivia, más allá de la jurisdicción municipal. Jorge Arias. -- Redes y desarrollo local. Samuel Machacuay. -- Asumir la política indígena en sus propios términos requiere un análisis mas allá de lo político. Marisol de la Cadena. aHistoria Urbana913611 aDesarrollo Urbano914520 aPolítica9291 aHistoria del Cusco91714 aDesarrollo económico91696 aPolítica indígena947238 aRamos, Gabriela93201 aSaucedo, Carmen947239 aArias, Jorge947240 aMachacuay, Samuel947241 aDe la Cadena, Marisol de la Cadena947242 aCentro Guamán Poma de Ayala920511 2ddccPP avhl 002ddc4070aHEMbHEMcCARTd2022-02-17g10.00oCroniUrbana/N°13/2008pREVC000608r2022-02-17yPP